Регионална библиотека "Любен Каравелов" - Русе

Колелото на времето: Кн. 1 (Запис номер 23472)

MARC детайли
000 -Лидер
Контролно поле с фиксирана дължина 01453nam a2200349 c 4500
003 - Код на организацията, давaща контролен номер
Контролно поле BLK
005 - Дата и час на последна редакция
Контролно поле 20250616120925.0
008 - Елементи от данни с фиксирана дължина
fixed length control field 180413b bul|||||r ||||||| ||bul||
010 ## - Наследен системен номер
LC control number KNG00025950000
040 ## - Източник на каталожния запис
Идентификатор на билиотеката - собственик на записа BLK
041 ## - Код за език
Код за езика на текст/звукозапис или на отделно заглавие Български
Код за езика КДБФ Български
080 ## - УДК
Текстов определител УДК Американска литература (на САЩ)
УДК код - определител по УДК 821.111(73)
УДК определител -312.9
УДК - код + определител 821.111(73)-312.9
100 1# - Редна дума - Автор
Автор Джордан, Робърт
Авторска отговорност първи автор
R(LIN) 254531
139 ## - Редно поле
Редна дума Джордан, Робърт
Авторски знак Джо - Д 52
245 10 - Сведения за заглавието
Заглавие Колелото на времето: Кн. 1
Подзаглавни данни Роман : Кн. 1 -
Редно поле (дума) Робърт Джордан; прев. от англ. Валерий Русинов.
Том Кн. 1
Заглавие на том Окото на света
257 ## - Страна на издаване
Страна на създаване/издаване Съединени американски щати
260 ## - Област на издателските данни
Име на издателя, разпространителя и проч. Бард
Година на издаване 1998 -
Печатница Хасково : Полиграфюг
300 ## - Физическа характеристика
Размери/Мащаб 24 см
380 ## - Жанр
Жанр Худож. лит.
500 ## - Общи забележки
Забележка Ориг. загл. Wheel of Time / Robert Jordan. - Речник
653 ## - Ключова дума – ненормативна
Ключова дума фентъзи
653 ## - Ключова дума – ненормативна
Ключова дума романи
700 1# - Други автори (авторска отговорност)
Лично име Русинов, Валерий
Автороска отговорност (Описва отношението между автора и произведението) прев. от англ.
9 (RLIN) 365206
760 1# - Описание на основната серия
Редна дума на основното описание Джордан, Робърт
Място на издаване, издател и година 1998
Страници - том 704 с.
Забележка - том Ориг. загл. The Eye of the World.
Заглавие Кн. 1 Окото на света
852 ## - Местоположение
Форматна сигнатура Цб 198554
856 4# - Електронен адрес и достъп
Електронен формат pdf - файл
Път до файла /url/
856 4# - Електронен адрес и достъп
Електронен формат pdf - файл
Път до файла /url/
999 ## - СИСТЕМНИ КОНТРОЛНИ НОМЕРА
Koha biblionumber 23472
Koha biblioitemnumber 23472
942 ## - АРТИКУЛИ
Вид на библиотечния материал Книги
Скрит в OPAC Не
Koha issues (borrowed), all copies 39
944 ## - СЪЗДАВАНЕ И РЕДАКЦИЯ на ЗАПИСА
Създаване/Редакция Създаване
Дата на регистрацията/редакция 15.01.2003
Статус, дата на статуса Цветомила Тодорова
Служител, извършил регистрацията/редакцията 30576
944 ## - СЪЗДАВАНЕ И РЕДАКЦИЯ на ЗАПИСА
Създаване/Редакция Редакция
Дата на регистрацията/редакция 15.12.2017
Статус, дата на статуса ф /
Служител, извършил регистрацията/редакцията Людмила_Стоянова
999 ## - СИСТЕМНИ КОНТРОЛНИ НОМЕРА
Koha biblioitemnumber 23472
Наличности
Код за отписване Код за изгубен артикул Код за повреда Коз за рестрикции Код за отдаване Артикулен № Име на библиотеката - собственик Име на библиотеката, в която се намира в момента Статус (Текущо местоположение) Дата на вписване в системата Местоположение - отдел Цена в лева Инвентарен номер Систематично азбучна сигнатура Баркод Номер на екземпляра Цена в евро Служебна бележка Служебен тип на артикула Източник на класификационната схема
  Не е изгубен Не е повреден без рестрикции ползва се в читалня 38813 Регионална библиотека "Любен Каравелов" Русе Регионална библиотека "Любен Каравелов" Русе Хранилище 2003-12-15 Основен фонд - ползва се само за читалня 12.50 120000680984 Цб 198554 120000680984 1 6.39 Дост: Pk Вид: Ф N: 153 Дата: 15.12.2003 Книги  
  Не е изгубен Не е повреден без рестрикции заемане за дома 38814 Регионална библиотека "Любен Каравелов" Русе Регионална библиотека "Любен Каравелов" Русе Дубликат 2012-06-21 Заемна - подръчен фонд 10.69 120000758445 П 820(73)-31/Д 52 120000758445 2 5.47 Дост: DA Вид: А N: 12 Дата: 21.06.2012 Дата инв: 15.02.2018 Бележки инв: П2018 Книги Universal Decimal Classification
Изтеглен Не е изгубен Не е повреден без рестрикции заемане за дома 38815 Регионална библиотека "Любен Каравелов" Русе Регионална библиотека "Любен Каравелов" Русе Заемна - подръчен фонд 2017-12-14 Заемна - подръчен фонд 20.00 120000817912 П 820(73)-31/Д 52 120000817912 3 10.23 Дост: DA Вид: А N: 44 Дата: 14.12.2017 Дата инв: 16.02.2018 Бележки инв: П2018 Книги Universal Decimal Classification
  Не е изгубен Не е повреден без рестрикции заемане за дома 754300 Регионална библиотека "Любен Каравелов" Русе Регионална библиотека "Любен Каравелов" Русе Заемна - подръчен фонд 2020-01-17 Заемна - подръчен фонд 8.50   П 820(73)-31/Д 52 120000841513   4.35   Книги Universal Decimal Classification
Vip Innovations Ltd, Rousse, Bulgaria 2025